|
|
|
|
| LEADER |
01448nam a2200373 a 4500 |
| 001 |
32084 |
| 003 |
BD-DhAAL |
| 005 |
20211116112534.0 |
| 008 |
171023s2008 nyua b 001 0 eng |
| 999 |
|
|
|c 38305
|d 38305
|
| 010 |
|
|
|a 2007012695
|
| 020 |
|
|
|a 9780415384827 (pbk. : alk. paper)
|
| 020 |
|
|
|a 9870203086568 (ebk)
|
| 020 |
|
|
|a 9780415384810 (hardback : alk. paper)
|
| 020 |
|
|
|a 0415384826 (pbk. : alk. paper)
|
| 020 |
|
|
|a 0415384818 (hardback : alk. paper)
|
| 035 |
|
|
|a (OCoLC)ocn122337994
|
| 035 |
|
|
|a (OCoLC)122337994
|
| 040 |
|
|
|a DLC
|c DLC
|d BAKER
|d BTCTA
|d YDXCP
|d C#P
|d BWK
|d CDX
|d IXA
|d DLC
|d BD-DhAAL
|
| 050 |
0 |
0 |
|a NA2500
|b .H536 2008
|
| 082 |
0 |
0 |
|a 720.1
|2 22
|
| 100 |
1 |
|
|a Hight, Christopher.
|9 22176
|4 author
|
| 245 |
1 |
0 |
|a Architectural principles in the age of cybernetics /
|c Christopher Hight.
|
| 260 |
|
|
|a New York ;
|a London:
|b Routledge,
|c 2008.
|
| 300 |
|
|
|a vii, 239 pages :
|b illustrations ;
|c 24 cm.
|
| 504 |
|
|
|a Includes bibliographical references (pages 202-230) and index.
|
| 526 |
|
|
|a ARC
|
| 541 |
|
|
|a Trim Education
|e 32084
|
| 650 |
|
0 |
|a Architecture
|x Philosophy.
|9 22177
|
| 650 |
|
0 |
|a Humanism in architecture.
|9 22178
|
| 650 |
|
0 |
|a Ratio and proportion.
|9 22179
|
| 650 |
|
0 |
|a Architecture
|9 42706
|
| 942 |
|
|
|2 ddc
|c BK
|
| 952 |
|
|
|0 0
|1 0
|2 ddc
|4 0
|6 720_100000000000000_HIG
|7 0
|9 61634
|a BRACUL
|b BRACUL
|c GEN
|d 2017-10-23
|e Trim Education
|g 3304.00
|l 1
|o 720.1 HIG
|p 3010032084
|r 2021-12-23
|s 2021-12-15
|t 1
|v 3304.00
|w 2017-10-23
|y BK
|